00559nam a2200181 i 4500003000900000005001700009007000300026008004100029040003000070082001300100100003000113245006800143264005000211300002700261336002700288337003400315338002800349DO-SdBNP20260321073645.0ta110413s198- dr 000 0 spa d aDO-SdBNPbspacBNPHUerda bB7422221 a Bosch, Juan, d1909-200110aTrujillo : bcausas de una dictadura sin ejemplo /cJuan Bosch  1aLima, Perú :bPopulibros peruanos,c[198-]. a166 páginas c17 cm. 2rdacontentatextobtxt 2rdamediaasin mediación bn 2rdacarrieravolumenbnc